Russian Oblasts, Krais, Okrugs, and Republic by Picture - Statistics

General Stats
  • This quiz has been taken 144 times
    139 since last reset
  • The average score is 33 of 85
Answer Stats
Picture Answer % Correct
Moscow
94%
Moscow
94%
Saint Petersburg
80%
Kamchatka
66%
Dagestan
61%
Sakha
61%
Irkutsk
56%
Volgograd
56%
Murmansk
54%
Chechnya
53%
Rostov
53%
Kaliningrad
52%
Arkhangelsk
51%
Leningrad
51%
Krasnoyarsk
49%
Novgorod
49%
Omsk
49%
Sakhalin
49%
Chelyabinsk
48%
Kursk
48%
Tatarstan
48%
Karelia
47%
Krasnodar
47%
Novosibirsk
47%
Tuva
47%
Altai
46%
Altai
46%
Nenets
46%
Samara
44%
Bryansk
43%
Crimea
43%
Nizhny Novgorod
43%
Vladimir
43%
Amur
42%
Perm
42%
Astrakhan
39%
Chukotka
39%
Komi
39%
Magadan
39%
Buryatia
38%
North Ossetia Alania
38%
Pskov
38%
Sevastopol
38%
Tula
38%
Belgorod
37%
Voronezh
37%
Ingushetia
35%
Kalmykia
35%
Khabarovsk
35%
Primorsky
35%
Tomsk
35%
Tver
35%
Tyumen
35%
Saratov
34%
Kaluga
33%
Smolensk
33%
Bashkortostan
32%
Ryazan
32%
Ivanovo
30%
Kirov
30%
Lipetsk
30%
Vologda
30%
Yaroslavl
30%
Adygea
29%
Orenburg
29%
Oryol
28%
Stavropol
28%
Mari El
27%
Sverdlovsk
27%
Chuvashia
25%
Kabardino Balkar
25%
Kemerovo
25%
Penza
25%
Karachay Cherkess
24%
Udmurtia
24%
Ulyanovsk
24%
Yamalo Nenets
24%
Kostroma
23%
Tambov
23%
Khakassia
22%
Khanty Mansi
22%
Kurgan
22%
Mordovia
20%
Jewish Autonomy
3%
Zabayskalsky
1%
No matching quizzes found
Score Distribution
Percent of People with Each Score
Percentile by Number Answered
Your Score History
You have not taken this quiz since the last reset